000 00413nam a2200169Ia 4500
008 230524s9999 xx 000 0 und d
082 _a612
_bBHA
100 _aK.B. Bhargava
245 0 _aE.N.T.Diseases
250 _a7TH
260 _aMUMBAI
_bUsha Publications
_c2005
300 _aIX;521
500 _aQuantity Number: 2
650 _aBiomedical
700 _a" S.K.Bhargava , T.M.Shah,,,"
942 _cBK
999 _c37551
_d37551